00000000cam 2200000zi 4500
0019.955568
003CaOODSP
00520260119144544
006m     o  d f      
007cr cn|||||||||
008250922e202510##quc     o    f000 0 fre d
020 |a9780660790626
040 |aCaOODSP|bfre|erda|cCaOODSP
043 |an-cn---
0861 |aAS4-45/2025F-PDF
24500|aNorme nationale du Canada : |bCAN-ASC-3.1:2025 - langage clair.
264 1|aGatineau (Québec) : |bNormes d'accessibilité Canada = Accessibility Standards Canada, |coctobre 2025.
264 4|c©2025
300 |a1 ressource en ligne (197 pages)
336 |atexte|btxt|2rdacontent/fre
337 |ainformatique|bc|2rdamedia/fre
338 |aressource en ligne|bcr|2rdacarrier/fre
500 |aPublié aussi en anglais sous le titre : National Standard of Canada : CAN-ASC-3.1:2025 - plain language.
520 |a« L’objectif de la présente norme est de veiller à ce que les communications soient pertinentes, faciles à trouver, à comprendre et à utiliser pour le public cible. Le langage clair est une façon d’assurer une communication équitable, inclusive et sans obstacle. Le public cible est toujours au centre de la communication. Rappelez-vous qu’une communication en langage clair si elle permet au public cible d’atteindre facilement trois objectifs : « trouver ce qu’il cherche, comprendre ce qu’il trouve et utiliser cette information » » -- Introduction, page 27.
650 6|aAccessibilité aux personnes handicapées|xPolitique gouvernementale|zCanada.
650 6|aAccessibilité aux personnes handicapées|zCanada|xPlanification.
650 6|aPersonnes handicapées|xPolitique gouvernementale|zCanada.
650 6|aPolitique linguistique|zCanada.
7101 |aCanada. |bNormes d'accessibilité Canada, |eorganisme de publication.
77508|tNational Standard of Canada : |w(CaOODSP)9.955566
85640|qPDF|s2.15 Mo|uhttps://publications.gc.ca/collections/collection_2025/nac-asc/AS4-45-2025-fra.pdf
8564 |qHTML|sS.O.|uhttps://accessibilite.canada.ca/elaboration-normes-accessibilite/can-asc-312025-langage-clair